Normal view
MARC view
- POWER TRANSISTORS, TRANSISTOR AMPLIFIERS, TRANSISTOR RADIO TRANSMITTERS, AMPLIFIERS RADIO FREQUENCY
Entry Topical Term
001 - CONTROL NUMBER
- control field: 61443
003 - CONTROL NUMBER IDENTIFIER
- control field: NUST
005 - DATE AND TIME OF LATEST TRANSACTION
- control field: 20210628202743.0
008 - FIXED-LENGTH DATA ELEMENTS
- fixed length control field: 210628|| aca||aabn | a|a d
040 ## - CATALOGING SOURCE
- Original cataloging agency: NUST
- Transcribing agency: NUST
150 ## - HEADING--TOPICAL TERM
- Topical term or geographic name entry element: POWER TRANSISTORS, TRANSISTOR AMPLIFIERS, TRANSISTOR RADIO TRANSMITTERS, AMPLIFIERS RADIO FREQUENCY
670 ## - SOURCE DATA FOUND
- Source citation: Work cat.: (NUST): Dye, Norman Granberg, Helge 61442, Radio frequency transistors, principles and practical applications, 2000
